000 00839nam a22002417a 4500
005 20240530110932.0
008 220214s2008 ua a g 000 0 ara d
017 _bمصر. دار الكتب
_a2008/24929
020 _a9789774790195
040 _aEG-CaGPL
_cEG-CaGPL
082 0 4 _221
_a915.3303\
_bع م
100 0 _aعبدالحليم نورالدين
245 1 0 _aمقدمة فى الاثار والمتاحف اليمنية /
_cتأليف عبدالحليم نورالدين ؛ تقديم زاهى حواس
250 _aط. 1
260 _bالمؤلف،
_c2008
300 _a764 ص. ؛
_c24 سم
650 0 7 _2qrmak
651 0 7 _2qrmak
_aاليمن
_xجغرافيا
651 0 7 _aاليمن
_xمتاحف
700 0 _aزاهى حواس
_eمقدم
942 _2ddc
_cBK
999 _c66676
_d66676